000 00593nam a22001817a 4500
005 20251108164221.0
008 250721s1983 xx 000 0 ara d
082 1 4 _a617.6/علي
100 1 _aالخياط، علي عبد الرضا
245 1 0 _aتشريح الأسنان /
264 1 _aبغداد :
_bوزارة التعليم العالي و البحث العلمي - مؤسسة المعاهد الفنية،
_c1983.
300 _a360ص
650 1 7 _aطب الأسنان
650 1 7 _aالجراحة
700 1 _aمحمد، محمد سلمان
942 _2ddc
_cBK
999 _c6624
_d6624